| 000 | 00637nam a22002057a 4500 | ||
|---|---|---|---|
| 005 | 20251108173300.0 | ||
| 008 | 250721s1999 xx 000 0 ara d | ||
| 020 | _a1874166129 | ||
| 082 | 1 | 4 | _aط/575.1/جون |
| 100 | 1 |
_aفان لون، بورين _eمؤلف |
|
| 245 | 1 | 0 | _aعلم الوراثة للمبتدئين / |
| 264 | 1 |
_aبيروت : _bمؤسسة الإنتشار العربي، _c1999. |
|
| 300 | _a175ص | ||
| 650 | 1 | 7 | _aعلم الوراثة |
| 653 | _aناشاون صغار(10-14) سنه | ||
| 700 | 1 | _aجونز، ستيف | |
| 700 | 1 |
_aالمهتار، غاندي _etran. |
|
| 942 |
_2ddc _cBK |
||
| 999 |
_c100304 _d100304 |
||